Crítica de la crítica
Gorde:
| Egile nagusia: | |
|---|---|
| Formatua: | Liburua |
| Hizkuntza: | Undetermined |
| Argitaratua: |
Madrid, España
Barral
1971
|
| Gaiak: | |
| Etiketak: |
Etiketa erantsi
Etiketarik gabe, Izan zaitez lehena erregistro honi etiketa jartzen!
|
MARC
| LEADER | 00000nam a2200000Ia 4500 | ||
|---|---|---|---|
| 008 | 170316s9999 xx 000 0 und d | ||
| 090 | |a 801 H-2c | ||
| 100 | |a Hamm, Peter | ||
| 245 | |a Crítica de la crítica | ||
| 260 | |a Madrid, España | ||
| 260 | |b Barral | ||
| 260 | |c 1971 | ||
| 300 | |a 168 páginas | ||
| 650 | |a TEORÍA LITERARIA | ||
| 999 | |c 20355 |d 20355 | ||
| 040 | |a cru BVZT | ||
| 942 | |c 15 D |h 801 H-2c |2 z | ||
